À quelle série appartient ce personnage ? - Statistiques

Statistiques générales
  • Ce quiz a été pris 79 fois
  • Le résultat moyen est 7 sur 12
Statistiques - réponses
Par images Réponse % Correct
Lupin
99%
Squid game
93%
Stranger Things
93%
Le jeu de la dame
86%
La Chronique des Bridgerton
70%
Umbrella Academy
62%
Mes premières fois
61%
Brooklyn Nine-Nine
55%
The good place
39%
iZombie
30%
New girl
30%
Control Z
6%
Aucun quiz correspondant
Distribution des résultats
% des personnes avec chaque résultat
Percentile par nombre de réponses
Votre historique - résultats
Vous n’avez pas pris ce quiz